<?xml version="1.0" encoding="UTF-8"?><?xml-stylesheet type="text/xsl" href="static/style.xsl"?><OAI-PMH xmlns="http://www.openarchives.org/OAI/2.0/" xmlns:xsi="http://www.w3.org/2001/XMLSchema-instance" xsi:schemaLocation="http://www.openarchives.org/OAI/2.0/ http://www.openarchives.org/OAI/2.0/OAI-PMH.xsd"><responseDate>2026-04-13T01:30:23Z</responseDate><request verb="GetRecord" identifier="oai:www.recercat.cat:10459.1/23859" metadataPrefix="marc">https://recercat.cat/oai/request</request><GetRecord><record><header><identifier>oai:recercat.cat:10459.1/23859</identifier><datestamp>2024-12-05T21:59:50Z</datestamp><setSpec>com_2072_3622</setSpec><setSpec>col_2072_479130</setSpec></header><metadata><record xmlns="http://www.loc.gov/MARC21/slim" xmlns:dcterms="http://purl.org/dc/terms/" xmlns:xsi="http://www.w3.org/2001/XMLSchema-instance" xmlns:doc="http://www.lyncode.com/xoai" xsi:schemaLocation="http://www.loc.gov/MARC21/slim http://www.loc.gov/standards/marcxml/schema/MARC21slim.xsd">
   <leader>00925njm 22002777a 4500</leader>
   <datafield ind2=" " ind1=" " tag="042">
      <subfield code="a">dc</subfield>
   </datafield>
   <datafield ind2=" " ind1=" " tag="720">
      <subfield code="a">López Alonso, Carmen</subfield>
      <subfield code="e">author</subfield>
   </datafield>
   <datafield ind2=" " ind1=" " tag="720">
      <subfield code="a">Eizaguirre Altuna, Matilde</subfield>
      <subfield code="e">author</subfield>
   </datafield>
   <datafield ind2=" " ind1=" " tag="720">
      <subfield code="a">Albajes Garcia, Ramon</subfield>
      <subfield code="e">author</subfield>
   </datafield>
   <datafield ind2=" " ind1=" " tag="260">
      <subfield code="c">2010-12-15T12:13:47Z</subfield>
   </datafield>
   <datafield ind2=" " ind1=" " tag="260">
      <subfield code="c">2010-12-15T12:13:47Z</subfield>
   </datafield>
   <datafield ind2=" " ind1=" " tag="260">
      <subfield code="c">2003</subfield>
   </datafield>
   <datafield ind2=" " ind1=" " tag="520">
      <subfield code="a">Se describe la secuencia de cortejo y apareamiento de machos y hembras de Sesamia nonagrioides (Lefèbvre) en el laboratorio. Esta secuencia no varió en presencia o ausencia de plantas de maíz. Se estudió la capacidad de atracción de un sexo sobre el otro atando el individuo de un sexo y dejando libre al complementario. La secuencia de cortejo y apareo de las hembras atadas fue la misma que la de las no atadas, pero los machos atados permanecieron absolutamente inactivos. La edad de los adultos (1 día versus 2 días) no afectó al porcentaje de apareamiento. Se encontraron&#xd;
diferencias en la hora del inicio de la llamada de las hembras y en la edad de las hembras en la primera llamada entre&#xd;
la población estudiada y lo descrito para una población griega, diferencias que podrían estar relacionadas con el origen geográfico. Se discute el papel de los penachos abdominales de los machos en el vuelo de cortejo, rechazándose que estimulen el comportamiento de llamada de las hembras o que las atraigan. Cuando no se aplicaron feromonas, el porcentaje de apareamiento en el laboratorio o en el campo no varió cuando aumentó la densidad de la población.&#xd;
Sin embargo, en los campos en que se aplicó confusión sexual, el porcentaje de apareamiento aumentó al aumentar la densidad de adultos. En la discusión se aportan algunas consecuencias para la investigación de la composición de las feromonas y su uso para el seguimiento de plagas y el control mediante confusión sexual.</subfield>
   </datafield>
   <datafield ind2=" " ind1=" " tag="520">
      <subfield code="a">The behavioural sequence of courtship and mating of Sesamia nonagrioides Lefèbvre males and females in laboratory cages is described. The attractant capacity of both sexes was studied by tethering males or females. The courtship and mating sequence of tethered females was the same as untethered ones, but tethered males were absolutely inactive. Age (1 day versus 2 days) did not affect the mating rate. Differences in calling time onset and first calling age were found between north-eastern Spanish and Greek populations. The role of hair pencils in courtship flight is discussed, rejecting that they stimulate calling behaviour of females or that they attract females. The influence of adult&#xd;
population density was studied in laboratory and field tests, and was found to have no effect on the mating rate in the controls. However, moth density influenced mating rates where mating disruption treatments were applied. Several consequences for investigations into pheromone composition and its use in monitoring and population control are reported in the discussion.</subfield>
   </datafield>
   <datafield ind1="8" ind2=" " tag="024">
      <subfield code="a">http://hdl.handle.net/10459.1/23859</subfield>
   </datafield>
   <datafield tag="653" ind2=" " ind1=" ">
      <subfield code="a">Comportamiento de llamada</subfield>
   </datafield>
   <datafield tag="653" ind2=" " ind1=" ">
      <subfield code="a">Confusión sexual</subfield>
   </datafield>
   <datafield tag="653" ind2=" " ind1=" ">
      <subfield code="a">Sesamia nonagrioides</subfield>
   </datafield>
   <datafield tag="653" ind2=" " ind1=" ">
      <subfield code="a">Penachos abdominales</subfield>
   </datafield>
   <datafield tag="653" ind2=" " ind1=" ">
      <subfield code="a">Blat de moro -- Malalties i plagues</subfield>
   </datafield>
   <datafield tag="653" ind2=" " ind1=" ">
      <subfield code="a">Plagues d'insectes</subfield>
   </datafield>
   <datafield tag="653" ind2=" " ind1=" ">
      <subfield code="a">Lepidòpters</subfield>
   </datafield>
   <datafield ind2="0" ind1="0" tag="245">
      <subfield code="a">Courtship and mating behaviour of the Mediterranean corn borer, Sesamia nonagrioides (Lepidoptera: Noctuidae)</subfield>
   </datafield>
</record></metadata></record></GetRecord></OAI-PMH>